ბათუმის შოთა რუსთაველის სახელმწიფო უნივერსიტეტის ბიბლიოთეკა

Foundations of Lodging Management / (ბიბ.ჩანაწერი № 45408)

000 -LEADER
fixed length control field 00789nam a2200253Ia 4500
001 - CONTROL NUMBER
control field 12232
003 - CONTROL NUMBER IDENTIFIER
control field GE_BSU
005 - DATE AND TIME OF LATEST TRANSACTION
control field 20221117160051.0
008 - FIXED-LENGTH DATA ELEMENTS--GENERAL INFORMATION
fixed length control field 181216s2012en xx |||||||||||||| ||eng||
020 ## - INTERNATIONAL STANDARD BOOK NUMBER
International Standard Book Number 9780132560894 x
040 ## - CATALOGING SOURCE
Transcribing agency GE_BSU
041 ## - LANGUAGE CODE
Language code of text/sound track or separate title eng
080 ## - UNIVERSAL DECIMAL CLASSIFICATION NUMBER
Universal Decimal Classification number 646/649 H-39
100 ## - MAIN ENTRY--PERSONAL NAME
Personal name Hayes, David K.
9 (RLIN) 9680
245 ## - TITLE STATEMENT
Title Foundations of Lodging Management /
Statement of responsibility, etc. David K. Hayes, Jack D. Ninemeier, Alisha A . Miller
250 ## - EDITION STATEMENT
Edition statement Second Edition.
264 ## - PRODUCTION, PUBLICATION, DISTRIBUTION, MANUFACTURE, AND COPYRIGHT NOTICE
Place of production, publication, distribution, manufacture Boston :
Name of producer, publisher, distributor, manufacturer Prentice Hall,
Date of production, publication, distribution, manufacture, or copyright notice 2012.
300 ## - PHYSICAL DESCRIPTION
Extent 406 p.:
Other physical details ill.:
Dimensions 28 cm.
653 ## - INDEX TERM--UNCONTROLLED
keyword Foundations of Lodging Management.
653 ## - INDEX TERM--UNCONTROLLED
keyword საოჯახო მეურნეობის მართვა
700 ## - ADDED ENTRY--PERSONAL NAME
Personal name Ninemeier,Jack D.
9 (RLIN) 15902
700 ## - ADDED ENTRY--PERSONAL NAME
Personal name Miller, Alisha A.
9 (RLIN) 15903
942 ## - ADDED ENTRY ELEMENTS (KOHA)
Koha item type წიგნი
Source of classification or shelving scheme
ეგზემპლარები
Withdrawn status Lost status Source of classification or shelving scheme Damaged status Not for loan Permanent Location Current Location Shelving location Date acquired Cost, normal purchase price Full call number Barcode Date last seen Copy number Price effective from Koha item type Public note
          ბათუმის შოთა რუსთაველის სახელმწიფო უნივერსიტეტის მთავარი ბიბლიოთეკა ბათუმის შოთა რუსთაველის სახელმწიფო უნივერსიტეტის მთავარი ბიბლიოთეკა წიგნსაცავი 2018-12-17 171.00 646/649 H-39 36003 2018-12-17 36003 2018-12-17 წიგნი 171ლ.